Klíč k určování nerostů a hronin

Bibliographic Details
Main Author: Němec, František, 1905-1983 (Author)
Format: Book
Language:Undetermined
PhysicalDescription:215 s.
Published: Praha Státní pedagogické nakladatelství 1967
Edition:1. vyd.

MARC

LEADER 00000nam a2200000 a 4500
001 vtls001452294
003 SK-MaSNL
005 20260301073144.0
008 240318s1967 xx 0 und
035 |a SNK000407601 
040 |a SNK  |b slo  |c SNK  |e AACR2 
100 1 |a Němec, František,  |d 1905-1983  |4 aut  |9 182189 
245 1 0 |a Klíč k určování nerostů a hronin 
250 |a 1. vyd. 
260 |a Praha  |b Státní pedagogické nakladatelství  |c 1967 
300 |a 215 s. 
958 |a OND 
999 |c 643294  |d 645224 
952 |t P60, <04>, [BOOK], {604}  |a SNK  |b SNK  |y VYP  |7 0  |p 17A0381264  |o snkID 45128 D1  |i snkKIP 8952/67  |0 0  |1 1  |4 0  |d 2003-04-16  |l 0  |r 2005-01-02 00:00:00  |w 2026-02-23